000 01036nam a22003137a 4500
003 CHAP
005 20220329141036.0
008 971013s1996 r 00010 d
010 _a61735
011 _a62707
035 _a66882
040 _cCHAP
090 _aTesis
100 0 0 _aFernández Alcántara, Ismael.
_940113
245 _aColecta y caracterización de Tigridia (Tigridia pavonia (L.F.) Ker-Gawl)
260 _aChapingo, Méx. :
_bEl autor,
_c1996
300 _a91 h.
_b: ilus.
502 _aTesis (Ing. Agr. Esp. en Fitotecnia) -- UACH. Departamento de Fitotecnia
590 _aALEPH
_b10
_c20130110
_lUCH01
_h1344
590 _aBATCH-UPD
_b10
_c20130110
_lUCH01
_h0743
590 _aBATCH-UPD
_b10
_c20130410
_lUCH01
_h0424
590 _aBATCH-UPD
_b10
_c20130914
_lUCH01
_h1355
590 _aCONVERSION
_b10
_c20130109
_lUCH01
_h1333
650 1 4 _aTigridia.
_9113279
901 _aBK
942 _cFOLL
949 _bBC
_cTES
_d-152123
_eTS1
_h30668
_i66882
_si
949 _bBC
_cTES
_d33724000641791
_eTS2
_fc.2
_h30669
_i66882
_si
999 _c61735
_d61735